English file :

সংরক্ষণ করুন:
গ্রন্থ-পঞ্জীর বিবরন
প্রধান লেখক: Latham-Koenig, Christina.
বিন্যাস: গ্রন্থ
ভাষা:Undetermined
প্রকাশিত: Oxford Oxford University Press 2012
বিষয়গুলি:
ট্যাগগুলো: ট্যাগ যুক্ত করুন
কোনো ট্যাগ নেই, প্রথমজন হিসাবে ট্যাগ করুন!
Thư viện lưu trữ: Trung tâm Học liệu Trường Đại học Cần Thơ
LEADER 00668nam a2200193Ia 4500
001 CTU_224332
008 210402s9999 xx 000 0 und d
020 |c 187000 
082 |a 428.24 
082 |b L352/CD.1 
100 |a Latham-Koenig, Christina. 
245 0 |a English file : 
245 0 |c Christina Latham-Koenig, Clive Oxenden, Paul Seligson 
260 |a Oxford 
260 |b Oxford University Press 
260 |c 2012 
650 |a Anh ngữ,English language 
650 |x Dạy và học,Nói tiếng nước ngoài,Nói tiếng nước ngoài,Study and teaching,Foreign speakers 
980 |a Trung tâm Học liệu Trường Đại học Cần Thơ